00624nam a2200193Ia 4500008004100000020001800041050002200059100001500081245008900096250001200185260002800197300002900225440003700254500005100291521000800342650002400350650002500374650003100399140321s9999 xx 000 0 und d a9781446256442 aRT 24b.P931 2013 aPrice, Bob aCritical thinking and writing for nursing students /cBob Price and Anne Harrington. a2nd ed. aLondon :bSAGE,cc2012. a174 p. :bill. ;c25 cm. a(Transforming nursing practice). aIncludes bibliographical references and index. aNUR aCritical thingking. aNursingxAuthorship. aSelf-knowledge, Theory of.